书目信息 |
| 题名: |
逻辑思维训练
|
|
| 作者: | 文嘉林 编著 | |
| 分册: | ||
| 出版信息: | 北京 民主与建设出版社有限责任公司 2019 |
|
| 页数: | 148页 | |
| 开本: | 20cm | |
| 丛书名: | ||
| 单 册: | ||
| 中图分类: | B812.2 | |
| 科图分类: | ||
| 主题词: | 逻辑思维--思维训练 | |
| 电子资源: | ||
| ISBN: | 978-7-5139-2859-5 | |
| 000 | 00809nam0 2200229 450 | |
| 001 | 2380548748 | |
| 005 | 20231021222312.71 | |
| 010 | @a978-7-5139-2859-5@dCNY24.70 | |
| 100 | @a20211222d2019 em y0chiy50 ea | |
| 101 | 0 | @achi |
| 102 | @aCN@b110000 | |
| 105 | @aa z 000yy | |
| 200 | 1 | @a逻辑思维训练@Aluo ji si wei xun lian@f文嘉林编著 |
| 210 | @a北京@c民主与建设出版社有限责任公司@d2019@h2021印 | |
| 215 | @a148页@c图@d20cm | |
| 300 | @a大脑使用全书 | |
| 330 | @a本书共分十章,内容包括:逻辑思维游戏、学思维法游戏、排除假设法游戏、排除计算法游戏、归纳分析法游戏、归纳观察法游戏、纳类比法游戏、归纳类推法游戏、绎推导法游戏、演绎综合法游戏。 | |
| 606 | 0 | @a逻辑思维@x思维训练 |
| 690 | @aB812.2@v5 | |
| 701 | 0 | @a文嘉林@Awen jia lin@4编著 |
| 801 | 0 | @aCN@b91MARC@c20220215 |
| 905 | @aZUCC@dB812.2@e5 | |
| 逻辑思维训练/文嘉林编著.-北京:民主与建设出版社有限责任公司,2019(2021印) |
| 148页:图;20cm |
| 大脑使用全书 |
| ISBN 978-7-5139-2859-5:CNY24.70 |
| 本书共分十章,内容包括:逻辑思维游戏、学思维法游戏、排除假设法游戏、排除计算法游戏、归纳分析法游戏、归纳观察法游戏、纳类比法游戏、归纳类推法游戏、绎推导法游戏、演绎综合法游戏。 |
| ● |
| 相关链接 |
|
|
|
正题名:逻辑思维训练
索取号:B812.2/5
 
预约/预借
| 序号 | 登录号 | 条形码 | 馆藏地/架位号 | 状态 | 备注 |
| 1 | 2001019489 | 2001019489 | 第四书库/四2架A面4层2列/ [索取号:B812.2/5] | 在馆 | |
| 2 | 2001019490 | 2001019490 | 第四书库/四2架A面4层2列/ [索取号:B812.2/5] | 在馆 | |
| 3 | 2001019491 | 2001019491 | 第四书库/四2架A面4层2列/ [索取号:B812.2/5] | 在馆 | |
| 4 | 2001019492 | 2001019492 | 第四书库/四2架A面4层2列/ [索取号:B812.2/5] | 在馆 | |
| 5 | 2001019493 | 2001019493 | 第四书库/四2架A面4层2列/ [索取号:B812.2/5] | 在馆 | |
| 6 | 2001019494 | 2001019494 | 第四书库/四2架A面4层2列/ [索取号:B812.2/5] | 在馆 |